On This Day: August 2nd II Quiz Stats

 Plays Quiz Updated Aug 2, 2018

Score 0/7 Timer 03:00
0 Plays Today
Question Answer Wrong Answers
The first general strike in Canadian history takes place in this coastal British Columbia city.
1918
Vancouver
83.6%
Calgary
5.7%
Edmonton
6%
Winnipeg
4.5%
Jewish prisoners stage a revolt at Treblinka, a notoriously deadly extermination camp in the the Masovian Voivodeship of this country.
1943
Poland
75.5%
Italy
0.7%
Soviet Union
11.4%
Austria
11.4%
The first United States ______ is conducted.
1790
Census
72.6%
Draft
1.9%
Execution
2%
Election
23.5%
This iconic British-Irish actor, who achieved international recognition for playing T. E. Lawrence in ‘Lawrence of Arabia’, is born.
1932
Peter O'Toole
69.1%
Omar Sharif
5.3%
Alec Guinness
2.3%
Laurence Olivier
22.8%
The ______ Conference on how to administer occupied Germany ends.
1945
Potsdam
68.2%
Dresden
10.9%
Hamburg
6.9%
Munich
12.8%
Adolf Hitler becomes Führer of Germany following the death of President Paul von ______.
1934
Hindenburg
61.6%
Heinrich
24.4%
Heinz
2.7%
Hinkel
10.5%
This Asian country is readmitted to the Commonwealth of Nations after having restored democracy for the first time since 1972.
1989
Pakistan
36.4%
Malaysia
30.5%
Papua New Guinea
6.4%
Singapore
25.3%

You're not logged in!

Compare scores with friends on all Sporcle quizzes.
OR
Log In

Sporcle TV

Today on Sporcle TV


Watch our educational content, quiz creation guides, and fun videos on Sporcle TV.

Show Comments

Extras

Top Quizzes Today


Score Distribution

Your Account Isn't Verified!

In order to create a playlist on Sporcle, you need to verify the email address you used during registration. Go to your Sporcle Settings to finish the process.

Report this User

Report this user for behavior that violates our Community Guidelines.

Details: